000 00935nab a22002057a 4500
999 _c5776
_d5776
003 OSt
005 20260105221349.0
008 190514b xxu||||| |||| 00| 0 spa d
040 _cPJ
100 _93938
_aNadalini, Gustavo M.
245 1 0 _aAtribución de uso de la vivienda familiar /
_cGustavo M. Nadalini.
300 _ap. 6-18
505 _aSumario: I. Consideraciones generales.— II. Atribución del uso de la vivienda.— III. La atribución del uso de la vivienda en el matrimonio.— IV. La atribución de uso de la vivienda en las uniones convivenciales.— V. A modo conclusivo
505 _tSi te interesa el texto, comunicate a koha@justierradelfuego.gov.ar
650 0 _9967
_aDERECHO DE FAMILIA
650 0 _aATRIBUCIÓN DE LA VIVIENDA
_95573
650 0 _aVIVIENDA FAMILIAR
_95362
773 0 _02844
_93222
_dBuenos Aires : AbeledoPerrot, 1989-
_tDerecho de familia. N° 115 - Julio 2024
_z18511201
942 _2udc
_cANA